Movies Quiz

Random Movies or Animation Quiz

Little Mermaid Character Blitz Quiz Stats

Quiz not verified by Sporcle

Challenge
Share
Tweet
Score 0/12 Timer 01:00
15 Plays Today
% Correct
Ariel
99%
Ursula
99%
Eric
98.7%
Sebastian
98.2%
Flotsam and Jetsam
98.2%
Triton
98.1%
Flounder
97.7%
Carlotta
97.5%
Max
95.3%
Scuttle
95.1%
Grimsby
90.6%
Louis
88.3%

You're not logged in!

Compare scores with friends on all Sporcle quizzes.
Sign Up with Email
OR
Log In

You Might Also Like...

Show Comments

Extras

Top Quizzes Today


Score Distribution

Your Account Isn't Verified!

In order to create a playlist on Sporcle, you need to verify the email address you used during registration. Go to your Sporcle Settings to finish the process.

Report this User

Report this user for behavior that violates our Community Guidelines.

Details: